| 000 | 00422nam a22001697a 4500 | ||
|---|---|---|---|
| 005 | 20180606143948.0 | ||
| 008 | 160429b xxu||||| |||| 00| 0 eng d | ||
| 020 | _a978-81-203-3013-9 | ||
| 041 | _aeng | ||
| 082 |
_b00925 _a657 |
||
| 100 |
_aBhattacharya Asish K. _9263 |
||
| 245 | _aFinancial management | ||
| 260 |
_aNew Delhi _bPHI learning Pvt. Ltd. _c2006 |
||
| 300 | _a741 | ||
| 650 |
_aManagement _9241 |
||
| 942 | _cBK | ||
| 999 |
_c303 _d303 |
||